Akhegītā. (Record no. 78985)

MARC details
000 -LEADER
fixed length control field 00624cam a22002411 4500
001 - CONTROL NUMBER
control field sa 68002777
003 - CONTROL NUMBER IDENTIFIER
control field DLC
005 - DATE AND TIME OF LATEST TRANSACTION
control field 20260227112446.0
008 - FIXED-LENGTH DATA ELEMENTS--GENERAL INFORMATION
fixed length control field 890525s1967 ii b 000 0 gujo
010 ## - LIBRARY OF CONGRESS CONTROL NUMBER
LC control number sa 68002777
035 ## - SYSTEM CONTROL NUMBER
System control number (OCoLC)19766944
040 ## - CATALOGING SOURCE
Original cataloging agency DLC
Transcribing agency WaU
Modifying agency DLC
042 ## - AUTHENTICATION CODE
Authentication code premarc
050 00 - LIBRARY OF CONGRESS CALL NUMBER
Classification number PK1859.A35
Item number A78 1967
100 0# - MAIN ENTRY--PERSONAL NAME
Personal name Akhā,
Dates associated with a name active 17th century.
245 10 - TITLE STATEMENT
Title Akhegītā.
260 ## - PUBLICATION, DISTRIBUTION, ETC.
Date of publication, distribution, etc. [1967]
300 ## - PHYSICAL DESCRIPTION
Extent 22, 140 p.
Dimensions 23 cm.
500 ## - GENERAL NOTE
General note In Gujarati.
504 ## - BIBLIOGRAPHY, ETC. NOTE
Bibliography, etc. note Bibliographical footnotes.
700 1# - ADDED ENTRY--PERSONAL NAME
Personal name Jośī, Umāśaṅkara,
Dates associated with a name 1911-1988.
700 1# - ADDED ENTRY--PERSONAL NAME
Personal name Jośī, Ramaṇalāla.

No items available.

Powered by Koha